000 00578nam a2200181Ia 4500
999 _c18951
_d18951
003 OSt
005 20200624110125.0
008 190216s9999||||xx |||||||||||||| ||und||
020 _a0210223383
040 _coclc
082 _a954.03170924
_bGHA/D
100 _aGhalib, Mirza Asadullah Khan
_93163
245 0 _aDastanbuy :
_bA Diary Of the Indian Revolt of 1857 /
_c Mirza Asadullah Khan Ghalib
260 _bAsia Publishing House,
_c1970.
_aBombay:
300 _a96p
650 _aHistory
942 _cBK
_2ddc
_h954.03170924
_iGHA/D
_k954.03170924
_mGHA/D